00325nam a2200121 a 4500008004100000050001900041100001800060245002300078246004000101260003300141300002000174350000900194120416s1975 ||||||||||||||||| || u aPN 1993.V6 Skl aSklar, Robert10aMovie-made America aa social history of American movies aNew YorkbRandom Housec1975 ax, 340p. : ill. a0.00